| 000 | 00000nas 2200000za 4500 |
| 001 | 9.807199 |
| 003 | CaOODSP |
| 005 | 20221107140102 |
| 007 | cr ||||||||||| |
| 008 | 151207d20152019oncmr p o f0 b0fre|d |
| 040 | |aCaOODSP|bfre |
| 043 | |an-cn-mb |
| 086 | 1 |aNH12-215F-PDF |
| 245 | 00|aActualités habitation - tableaux. |pRMR de Winnipeg |h[ressource électronique]. |
| 260 | |a[Ottawa] : |bSociété canadienne d'hypothèques et de logement, |c2015-2019. |
| 310 | |aMensuel |
| 362 | 0 |aOct. 2015-janv. 2019. |
| 500 | |aPubli. aussi en anglais sous le titre : Housing now tables. Winnipeg CMA. |
| 691 | 07|aDémographie|2gcpds |
| 691 | 07|aLogement|2gcpds |
| 691 | 07|aPrêt hypothécaire|2gcpds |
| 691 | 07|aPrix|2gcpds |
| 710 | 2 |aSociété canadienne d'hypothèques et de logement. |
| 775 | 08|tHousing now tables. |w(CaOODSP)9.807198 |
| 780 | 00|tActualités habitation. |w(CaOODSP)9.501261 |